[Event "18th HZ Open 2014"]
[Site "Vlissingen NED"]
[Date "2014.08.03"]
[Round "3.33"]
[White "De Zwart, J."]
[Black "Bijlsma, N."]
[Result "0-1"]
[WhiteElo "2005"]
[BlackElo "2210"]
[PlyCount "100"]
[EventDate "2014.08.02"]
[EventType "swiss"]
[EventRounds "9"]
[EventCountry "NED"]
[Source "Mark Crowther"]
[SourceDate "2014.08.04"]

1. e4 c5 2. Nf3 d6 3. Bb5+ Bd7 4. Bxd7+ Qxd7 5. O-O Nf6 6. Re1 Nc6 7. c3 e6 8.
d4 cxd4 9. cxd4 d5 10. e5 Ne4 11. a3 Be7 12. Nbd2 Nxd2 13. Bxd2 O-O 14. b4 Rfc8
15. Qb3 Qd8 16. Rac1 a5 17. b5 a4 18. Qd3 Na5 19. Bxa5 Qxa5 20. h3 Rc7 21. Rxc7
Qxc7 22. Re3 Qc1+ 23. Kh2 Rc8 24. b6 Qb2 25. Re2 Qxb6 26. Rc2 Rxc2 27. Qxc2 Qc6
28. Qb2 Kf8 29. Nd2 Ke8 30. Nb1 Kd7 31. Nc3 Kc8 32. Nb5 Kb8 33. Nc3 Qc4 34. Nb1
Ka7 35. Nd2 Qd3 36. Nb1 Ka6 37. g3 f6 38. Kg2 fxe5 39. dxe5 Bc5 40. Qc1 Qe4+
41. Kg1 b6 42. Qf1+ b5 43. Qc1 Qd4 44. Qc2 g6 45. Qe2 Qe4 46. Qxe4 dxe4 47. Kf1
b4 48. Ke2 bxa3 49. Nc3 Bd4 50. Na2 Kb5 0-1

[Event "18th HZ Open 2014"]
[Site "Vlissingen NED"]
[Date "2014.08.03"]
[Round "3.34"]
[White "Voege, Tobias"]
[Black "Lacrosse, M."]
[Result "1/2-1/2"]
[WhiteElo "1990"]
[BlackElo "2174"]
[PlyCount "49"]
[EventDate "2014.08.02"]
[EventType "swiss"]
[EventRounds "9"]
[EventCountry "NED"]
[Source "Mark Crowther"]
[SourceDate "2014.08.04"]

1. d4 d5 2. c4 e6 3. Nc3 Nf6 4. Bg5 c6 5. e3 Nbd7 6. cxd5 exd5 7. Bd3 Be7 8.
Nge2 O-O 9. O-O h6 10. Bh4 Ne8 11. Bxe7 Qxe7 12. Qc2 Ndf6 13. Ng3 Nd6 14. Rae1
Re8 15. f3 Qc7 16. Kh1 c5 17. Nb5 Nxb5 18. Bxb5 Bd7 19. Bxd7 Nxd7 20. dxc5 Qxc5
21. Qxc5 Nxc5 22. Rd1 Rxe3 23. Rxd5 b6 24. Kg1 Rae8 25. Rfd1 1/2-1/2

[Event "18th HZ Open 2014"]
[Site "Vlissingen NED"]
[Date "2014.08.03"]
[Round "3.35"]
[White "Dijkstra, A."]
[Black "Endress, A."]
[Result "1-0"]
[WhiteElo "1984"]
[BlackElo "2137"]
[PlyCount "39"]
[EventDate "2014.08.02"]
[EventType "swiss"]
[EventRounds "9"]
[EventCountry "NED"]
[Source "Mark Crowther"]
[SourceDate "2014.08.04"]

1. e4 c5 2. Nf3 e6 3. d4 cxd4 4. Nxd4 a6 5. Be3 Nf6 6. Nc3 Bb4 7. Bd3 Qc7 8.
O-O Bxc3 9. bxc3 d5 10. exd5 Nxd5 11. Qg4 g6 12. Bh6 Nc6 13. Nxc6 Qxc6 14. Qd4
Rg8 15. c4 Qb6 16. Qh4 Nc3 17. Qf6 Na4 18. Bg5 Qc7 19. Rad1 h6 20. Bxg6 1-0

[Event "18th HZ Open 2014"]
[Site "Vlissingen NED"]
[Date "2014.08.03"]
[Round "3.36"]
[White "Pruijssers, R."]
[Black "De Hert, O."]
[Result "1-0"]
[WhiteElo "2517"]
[BlackElo "1967"]
[PlyCount "51"]
[EventDate "2014.08.02"]
[EventType "swiss"]
[EventRounds "9"]
[EventCountry "NED"]
[Source "Mark Crowther"]
[SourceDate "2014.08.04"]

1. e4 c5 2. Nf3 d6 3. d4 cxd4 4. Nxd4 Nf6 5. Nc3 g6 6. Be3 Bg7 7. f3 O-O 8. Qd2
Nc6 9. g4 Nxd4 10. Bxd4 Qa5 11. h4 Be6 12. h5 Rfc8 13. a3 a6 14. hxg6 hxg6 15.
Be2 b5 16. Kf2 b4 17. Nd1 Qc7 18. Ne3 b3 19. c3 Bd7 20. Nf5 gxf5 21. gxf5 e5
22. fxe6 fxe6 23. Bxf6 Bxf6 24. Rag1+ Kf8 25. Qh6+ Ke7 26. Rg7+ 1-0

[Event "18th HZ Open 2014"]
[Site "Vlissingen NED"]
[Date "2014.08.03"]
[Round "3.37"]
[White "Ducarmon, Q."]
[Black "Westerweele, H."]
[Result "1-0"]
[WhiteElo "2479"]
[BlackElo "1960"]
[PlyCount "41"]
[EventDate "2014.08.02"]
[EventType "swiss"]
[EventRounds "9"]
[EventCountry "NED"]
[Source "Mark Crowther"]
[SourceDate "2014.08.04"]

1. e4 e6 2. d4 d5 3. Nd2 Nf6 4. e5 Nfd7 5. Bd3 c5 6. c3 Nc6 7. Ngf3 cxd4 8.
cxd4 Qb6 9. O-O f6 10. exf6 Nxf6 11. Nb3 Bd6 12. Bg5 O-O 13. Rc1 Bd7 14. Bh4
Rac8 15. Bg3 Bxg3 16. hxg3 Nb4 17. Bb1 Qd6 18. Nc5 b6 19. Nxd7 Nxd7 20. Re1 Nc6
21. Bxh7+ 1-0

[Event "18th HZ Open 2014"]
[Site "Vlissingen NED"]
[Date "2014.08.03"]
[Round "3.38"]
[White "Van de Breevaart, Rick"]
[Black "Ponizil, C."]
[Result "0-1"]
[WhiteElo "1957"]
[BlackElo "2428"]
[PlyCount "68"]
[EventDate "2014.08.02"]
[EventType "swiss"]
[EventRounds "9"]
[EventCountry "NED"]
[Source "Mark Crowther"]
[SourceDate "2014.08.04"]

1. e4 c5 2. Nf3 d6 3. c3 Nf6 4. Bb5+ Bd7 5. Qe2 Bxb5 6. Qxb5+ Qd7 7. Qe2 Nc6 8.
Na3 e6 9. Nc2 Be7 10. O-O O-O 11. b3 Rfd8 12. Bb2 Rac8 13. d4 cxd4 14. Ncxd4
Nxd4 15. cxd4 d5 16. e5 Ne4 17. Rac1 a6 18. g3 Qb5 19. Qxb5 axb5 20. Rxc8 Rxc8
21. Rc1 Rxc1+ 22. Bxc1 Nc3 23. Kf1 Nxa2 24. Bd2 h6 25. h4 h5 26. Ke2 Kh7 27.
Ne1 Nb4 28. Bxb4 Bxb4 29. Nd3 Be7 30. Nc5 Bxc5 31. dxc5 Kg6 32. Ke3 Kf5 33. Kd4
b4 34. f3 g6 0-1

[Event "18th HZ Open 2014"]
[Site "Vlissingen NED"]
[Date "2014.08.03"]
[Round "3.39"]
[White "Vanhuyse, Nele"]
[Black "Colijn, S."]
[Result "0-1"]
[WhiteElo "1949"]
[BlackElo "2254"]
[PlyCount "64"]
[EventDate "2014.08.02"]
[EventType "swiss"]
[EventRounds "9"]
[EventCountry "NED"]
[Source "Mark Crowther"]
[SourceDate "2014.08.04"]

1. e4 e6 2. d4 d5 3. Nc3 Bb4 4. e5 Qd7 5. a3 Bxc3+ 6. bxc3 b6 7. Qg4 Kf8 8. a4
Ne7 9. Ba3 Kg8 10. h4 h5 11. Qg5 Nf5 12. Bb5 c6 13. Be2 g6 14. Nh3 Ba6 15. g4
Ng7 16. Bd1 hxg4 17. Bxg4 c5 18. Rg1 Qxa4 19. h5 Nd7 20. Bd1 Nxh5 21. Bxh5 Qxc2
22. Rg3 cxd4 23. Bg4 Qe4+ 24. Kd1 Nxe5 25. Bd6 Rxh3 26. Rxh3 Nxg4 27. Rh8+ Kxh8
28. Rxa6 Nxf2+ 29. Kc1 Qe1+ 30. Kc2 Qxc3+ 31. Kb1 Qd3+ 32. Kb2 Nd1+ 0-1

[Event "18th HZ Open 2014"]
[Site "Vlissingen NED"]
[Date "2014.08.03"]
[Round "3.40"]
[White "Van der Klis, Dick"]
[Black "Van Der Heide, Auke"]
[Result "1-0"]
[WhiteElo "1941"]
[BlackElo "2181"]
[PlyCount "113"]
[EventDate "2014.08.02"]
[EventType "swiss"]
[EventRounds "9"]
[EventCountry "NED"]
[Source "Mark Crowther"]
[SourceDate "2014.08.04"]

1. c4 c6 2. g3 d5 3. Bg2 Nf6 4. Nf3 Bf5 5. cxd5 cxd5 6. O-O e6 7. d3 Nc6 8. a3
Be7 9. b4 Qb6 10. Nc3 d4 11. Na4 Qb5 12. Bb2 e5 13. Rc1 Nd7 14. Rb1 a5 15. Nc5
Nxc5 16. bxc5 Qxc5 17. Qd2 a4 18. Ng5 Na5 19. Ne4 Qa7 20. f4 Nb3 21. Qd1 Bxe4
22. Bxe4 O-O 23. Bd5 Nc5 24. fxe5 Rad8 25. Bf3 Nb3 26. Bc1 Rd7 27. Bg4 Rd5 28.
e6 f5 29. Bf3 Rdd8 30. Rxb3 axb3 31. Qxb3 b6 32. a4 Kh8 33. Ba3 Bxa3 34. Qxa3
Rfe8 35. Qb3 Qa5 36. Rc1 g5 37. Bh5 Re7 38. Rc6 g4 39. Qc2 Qd5 40. Bf7 Rxf7 41.
exf7 Qxf7 42. Rxb6 Qa7 43. Qc6 Qe7 44. Qf6+ Qxf6 45. Rxf6 Rd5 46. Rb6 Ra5 47.
Rb5 Rxa4 48. Rxf5 Ra1+ 49. Kg2 Re1 50. Re5 Kg7 51. h3 gxh3+ 52. Kxh3 Ra1 53.
Kg4 Kf6 54. Re4 Ra4 55. e3 h5+ 56. Kf3 Kf5 57. Rxd4 1-0

[Event "18th HZ Open 2014"]
[Site "Vlissingen NED"]
[Date "2014.08.03"]
[Round "3.41"]
[White "Maris, Iv"]
[Black "Krosenbrink, Marcel"]
[Result "1-0"]
[WhiteElo "2178"]
[BlackElo "1953"]
[PlyCount "51"]
[EventDate "2014.08.02"]
[EventType "swiss"]
[EventRounds "9"]
[EventCountry "NED"]
[Source "Mark Crowther"]
[SourceDate "2014.08.04"]

1. g3 e5 2. Bg2 f5 3. e4 Nf6 4. exf5 Bc5 5. g4 O-O 6. g5 Ne8 7. h4 Rxf5 8. Nh3
d5 9. Nc3 c6 10. O-O Be6 11. Ne2 Qd7 12. d4 Rf8 13. Kh2 exd4 14. Nxd4 Bd6+ 15.
f4 Bg4 16. Qd3 g6 17. c4 dxc4 18. Qxc4+ Qf7 19. Qxf7+ Rxf7 20. Kh1 Ng7 21. Nf2
Bf5 22. Rd1 Bc5 23. Nxf5 Nxf5 24. Ne4 Nd7 25. Rxd7 Ng3+ 26. Kh2 1-0

[Event "18th HZ Open 2014"]
[Site "Vlissingen NED"]
[Date "2014.08.03"]
[Round "3.42"]
[White "Verbruggen, S."]
[Black "Goormachtigh, J."]
[Result "1/2-1/2"]
[WhiteElo "1921"]
[BlackElo "2176"]
[PlyCount "84"]
[EventDate "2014.08.02"]
[EventType "swiss"]
[EventRounds "9"]
[EventCountry "NED"]
[Source "Mark Crowther"]
[SourceDate "2014.08.04"]

1. e4 c5 2. Nf3 e6 3. d4 cxd4 4. Nxd4 Nc6 5. Nc3 Qc7 6. Be3 a6 7. Bd3 Nf6 8.
O-O Bd6 9. Nxc6 dxc6 10. Kh1 b5 11. a3 e5 12. Qf3 O-O 13. h3 Be6 14. Rad1 Nd7
15. Qg3 Kh8 16. Qh4 Nc5 17. Be2 Be7 18. Qg3 a5 19. Bg4 Bxg4 20. Qxg4 Ne6 21.
Rd2 g6 22. Rfd1 Rad8 23. Bh6 Rfe8 24. Qf3 Kg8 25. Rxd8 Rxd8 26. Rxd8+ Qxd8 27.
Be3 Kg7 28. Qd1 Qxd1+ 29. Nxd1 Nd4 30. c3 Nb3 31. Kg1 f5 32. exf5 gxf5 33. f3
Kf7 34. Kf1 Ke6 35. Ke2 Kd5 36. Bb6 Bg5 37. Ne3+ Ke6 38. g4 f4 39. Nf5 a4 40.
Kd3 Nc1+ 41. Kd2 Nb3+ 42. Kd3 Nc1+ 1/2-1/2

[Event "18th HZ Open 2014"]
[Site "Vlissingen NED"]
[Date "2014.08.03"]
[Round "3.43"]
[White "Roessler, W."]
[Black "Ratsma, Midas"]
[Result "1/2-1/2"]
[WhiteElo "1915"]
[BlackElo "2171"]
[PlyCount "87"]
[EventDate "2014.08.02"]
[EventType "swiss"]
[EventRounds "9"]
[EventCountry "NED"]
[Source "Mark Crowther"]
[SourceDate "2014.08.04"]

1. e4 e6 2. d4 d5 3. Nd2 Nf6 4. e5 Nfd7 5. Bd3 c5 6. c3 Nc6 7. Ne2 cxd4 8. cxd4
f6 9. Nf4 Nxd4 10. Qh5+ Ke7 11. exf6+ Nxf6 12. Ng6+ hxg6 13. Qxh8 Kf7 14. O-O
e5 15. Nb3 Nxb3 16. axb3 Bf5 17. Bxf5 gxf5 18. Bg5 Qb6 19. Bxf6 Kxf6 20. Qh4+
Kf7 21. Qh7 Qe6 22. Rfd1 b6 23. Rac1 Bc5 24. b4 Bd6 25. Rc6 e4 26. Rxd6 Qxd6
27. Qxf5+ Kg8 28. Rxd5 Qc6 29. Rd1 Rf8 30. Qd5+ Qxd5 31. Rxd5 Rc8 32. h3 Rc1+
33. Kh2 Rc4 34. b5 Rb4 35. Rd7 Rxb2 36. Rxa7 Rxf2 37. Re7 Rf5 38. Rxe4 Rxb5 39.
Re7 Kf8 40. Rb7 Rb2 41. h4 b5 42. Kh3 b4 43. g3 b3 44. Kg4 1/2-1/2

[Event "18th HZ Open 2014"]
[Site "Vlissingen NED"]
[Date "2014.08.03"]
[Round "3.44"]
[White "Stolwijk, Colin"]
[Black "De Bock, Rien"]
[Result "1-0"]
[WhiteElo "2164"]
[BlackElo "1931"]
[PlyCount "75"]
[EventDate "2014.08.02"]
[EventType "swiss"]
[EventRounds "9"]
[EventCountry "NED"]
[Source "Mark Crowther"]
[SourceDate "2014.08.04"]

1. d4 Nf6 2. Nf3 c5 3. c3 cxd4 4. cxd4 g6 5. Bf4 Bg7 6. h3 d6 7. e3 O-O 8. Bd3
Nc6 9. Nbd2 Re8 10. e4 e5 11. Bg5 exd4 12. O-O d5 13. exd5 Qxd5 14. Bc4 Qd6 15.
Bxf6 Bxf6 16. Nb3 Be6 17. Bd3 Rad8 18. Rc1 Bd5 19. Nfd2 Nb4 20. Bb1 d3 21. Nc4
Bxc4 22. Rxc4 Bxb2 23. Qd2 Ba3 24. Nc5 Re2 25. Qc3 d2 26. Nxb7 Qb6 27. Bxg6
d1=Q 28. Bxf7+ Kf8 29. Rf4 Rxf2 30. Qh8+ Ke7 31. Re4+ Kxf7 32. Nxd8+ Qbxd8 33.
Qxh7+ Kf6 34. Qh4+ Kg6 35. Re6+ Kf7 36. Qxf2+ Kxe6 37. Qf7+ Ke5 38. Qf5+ 1-0

[Event "18th HZ Open 2014"]
[Site "Vlissingen NED"]
[Date "2014.08.03"]
[Round "3.45"]
[White "Rogmans, J."]
[Black "Boelhouwer, Collin"]
[Result "1/2-1/2"]
[WhiteElo "1899"]
[BlackElo "2148"]
[PlyCount "58"]
[EventDate "2014.08.02"]
[EventType "swiss"]
[EventRounds "9"]
[EventCountry "NED"]
[Source "Mark Crowther"]
[SourceDate "2014.08.04"]

1. c4 Nf6 2. g3 g6 3. Bg2 Bg7 4. Nc3 d6 5. e4 O-O 6. Nge2 c5 7. O-O Nc6 8. d3
Bd7 9. h3 a6 10. Be3 Rb8 11. Qd2 b5 12. f4 b4 13. Nd5 Ne8 14. Bf2 e6 15. Ne3 f5
16. Rad1 a5 17. b3 Nf6 18. Nc2 Qe7 19. Qe3 Ne8 20. d4 cxd4 21. Nexd4 Nxd4 22.
Nxd4 fxe4 23. Qxe4 Nf6 24. Qe2 Rfe8 25. Nc6 Bxc6 26. Bxc6 Rec8 27. Bf3 Re8 28.
Bc6 Rec8 29. Bf3 Re8 1/2-1/2

[Event "18th HZ Open 2014"]
[Site "Vlissingen NED"]
[Date "2014.08.03"]
[Round "3.46"]
[White "Gijsen, S."]
[Black "Verkimpe, M."]
[Result "0-1"]
[WhiteElo "2144"]
[BlackElo "1925"]
[PlyCount "84"]
[EventDate "2014.08.02"]
[EventType "swiss"]
[EventRounds "9"]
[EventCountry "NED"]
[Source "Mark Crowther"]
[SourceDate "2014.08.04"]

1. d4 Nf6 2. c4 c5 3. d5 b5 4. cxb5 a6 5. bxa6 Bxa6 6. Nc3 g6 7. e4 Bxf1 8.
Kxf1 d6 9. g3 Bg7 10. Nf3 O-O 11. Kg2 Nfd7 12. h4 h5 13. Bg5 Nf6 14. Re1 Ng4
15. Qc1 Nd7 16. a4 f6 17. Bf4 Nde5 18. Bxe5 fxe5 19. Re2 Qd7 20. Ng5 Bh6 21.
Qc2 Bxg5 22. hxg5 Rxf2+ 23. Kg1 Rf3 24. Qd2 Raf8 25. a5 Rxg3+ 26. Rg2 Rgf3 27.
a6 h4 28. Qe2 h3 29. a7 h2+ 30. Rxh2 Nxh2 31. Qg2 Rf1+ 32. Rxf1 Nxf1 33. a8=Q
Rxa8 34. Kxf1 Ra1+ 35. Ke2 Qb7 36. Kd3 Qb3 37. Qg4 c4+ 38. Ke3 Qxb2 39. Qe6+
Kf8 40. Ne2 Ra3+ 41. Kf2 Qb6+ 42. Kg2 Qe3 0-1

[Event "18th HZ Open 2014"]
[Site "Vlissingen NED"]
[Date "2014.08.03"]
[Round "3.47"]
[White "Stange, S."]
[Black "Hogerhorst, Tony"]
[Result "1-0"]
[WhiteElo "2137"]
[BlackElo "1915"]
[PlyCount "39"]
[EventDate "2014.08.02"]
[EventType "swiss"]
[EventRounds "9"]
[EventCountry "NED"]
[Source "Mark Crowther"]
[SourceDate "2014.08.04"]

1. d4 d5 2. c4 e6 3. Nc3 Nf6 4. cxd5 exd5 5. Bg5 c6 6. e3 Bf5 7. Qf3 Be4 8.
Bxf6 Qa5 9. Qg4 Nd7 10. Bh4 Bb4 11. Nge2 Bd3 12. O-O-O Bg6 13. f4 Be4 14. Qxg7
Rf8 15. Nxe4 dxe4 16. Qxh7 Qd5 17. Nc3 Bxc3 18. bxc3 b5 19. g4 Nb6 20. Qf5 1-0

[Event "18th HZ Open 2014"]
[Site "Vlissingen NED"]
[Date "2014.08.03"]
[Round "3.49"]
[White "Ismail, Tamer"]
[Black "De Wolf, J."]
[Result "1/2-1/2"]
[WhiteElo "1890"]
[BlackElo "2104"]
[PlyCount "103"]
[EventDate "2014.08.02"]
[EventType "swiss"]
[EventRounds "9"]
[EventCountry "NED"]
[Source "Mark Crowther"]
[SourceDate "2014.08.04"]

1. e4 d5 2. d3 e5 3. Nd2 Nc6 4. g3 Be6 5. Bg2 Bc5 6. Ngf3 f6 7. c3 a6 8. Qe2
Nge7 9. O-O O-O 10. Nb3 Ba7 11. Rd1 d4 12. Qc2 Qd6 13. a3 Rac8 14. Bd2 g5 15.
cxd4 exd4 16. Rac1 Ng6 17. Nc5 Bxc5 18. Qxc5 Qxc5 19. Rxc5 g4 20. Nh4 Nxh4 21.
gxh4 Ne5 22. Bf4 b6 23. Rcc1 Bb3 24. Rd2 c5 25. Kh1 Kf7 26. h3 h5 27. Rg1 Be6
28. Bxe5 fxe5 29. Kh2 Ke7 30. hxg4 hxg4 31. Kg3 b5 32. Rc1 c4 33. Kh2 cxd3 34.
Rxc8 Bxc8 35. Kg3 Be6 36. Rxd3 Rc8 37. Rd2 Kf6 38. Bf1 Rc1 39. Bg2 Kg6 40. Kh2
a5 41. Kg3 b4 42. axb4 axb4 43. f4 gxf3 44. Bxf3 Bb3 45. Rd3 Bc2 46. Rd2 Bb1
47. Kg4 Rf1 48. Kg3 Re1 49. Rg2 Re3 50. Kg4 Kf6 51. Rf2 Kg6 52. h5+ 1/2-1/2

[Event "18th HZ Open 2014"]
[Site "Vlissingen NED"]
[Date "2014.08.03"]
[Round "3.50"]
[White "Den Hartog, Marijn"]
[Black "Van De Vaerd, Miguel"]
[Result "1-0"]
[WhiteElo "2102"]
[BlackElo "1896"]
[PlyCount "61"]
[EventDate "2014.08.02"]
[EventType "swiss"]
[EventRounds "9"]
[EventCountry "NED"]
[Source "Mark Crowther"]
[SourceDate "2014.08.04"]

1. e4 c5 2. Nc3 Nc6 3. f4 g6 4. Nf3 Bg7 5. Bb5 Nd4 6. O-O Nxb5 7. Nxb5 d5 8.
exd5 a6 9. Nc3 Nf6 10. d4 c4 11. Qe2 b5 12. Ne5 Bb7 13. f5 O-O 14. Bg5 Bxd5 15.
Nxd5 Qxd5 16. c3 Ra7 17. Qf3 Rc7 18. Rae1 Qxf3 19. Rxf3 Nd5 20. Ng4 gxf5 21.
Nh6+ Kh8 22. Nxf5 e6 23. Nd6 Rd7 24. Ne4 a5 25. Nc5 Rc7 26. Bf4 Rc6 27. Nd7
Nxf4 28. Rxf4 Rd8 29. Ne5 Bxe5 30. Rxe5 Rb8 31. Rxf7 1-0

[Event "18th HZ Open 2014"]
[Site "Vlissingen NED"]
[Date "2014.08.04"]
[Round "4.1"]
[White "Bu Xiangzhi"]
[Black "Vishnu, P."]
[Result "1/2-1/2"]
[WhiteElo "2707"]
[BlackElo "2469"]
[PlyCount "73"]
[EventDate "2014.08.02"]
[EventType "swiss"]
[EventRounds "9"]
[EventCountry "NED"]
[Source "Mark Crowther"]
[SourceDate "2014.08.04"]

1. Nf3 d5 2. d4 Nf6 3. c4 e6 4. Bg5 Bb4+ 5. Nc3 h6 6. Bxf6 Qxf6 7. Qa4+ Nc6 8.
e3 O-O 9. Be2 Bd7 10. Qb3 dxc4 11. Qxc4 Qe7 12. O-O Na5 13. Qd3 c5 14. d5 Rfd8
15. Rad1 b6 16. Ne5 exd5 17. Nxd7 Bxc3 18. Nxb6 axb6 19. bxc3 Nc4 20. Qb1 Rd6
21. Rfe1 b5 22. h3 Qa7 23. e4 dxe4 24. Qxe4 Rad8 25. Rxd6 Nxd6 26. Qd5 Qc7 27.
Rd1 Nb7 28. Qb3 Rxd1+ 29. Qxd1 b4 30. cxb4 cxb4 31. Qd5 Qc1+ 32. Bf1 Nc5 33.
Qd8+ Kh7 34. Qa5 b3 35. axb3 Nxb3 36. Qf5+ Kg8 37. Qd3 1/2-1/2

[Event "18th HZ Open 2014"]
[Site "Vlissingen NED"]
[Date "2014.08.04"]
[Round "4.2"]
[White "Leenhouts, K."]
[Black "Fedorchuk, S."]
[Result "0-1"]
[WhiteElo "2385"]
[BlackElo "2665"]
[PlyCount "80"]
[EventDate "2014.08.02"]
[EventType "swiss"]
[EventRounds "9"]
[EventCountry "NED"]
[Source "Mark Crowther"]
[SourceDate "2014.08.04"]

1. d4 Nf6 2. c4 e6 3. Nc3 Bb4 4. e3 O-O 5. Bd3 c5 6. Nge2 d5 7. cxd5 cxd4 8.
exd4 Nxd5 9. O-O Nc6 10. Bc2 Re8 11. Qd3 g6 12. Ne4 Bf8 13. a3 Bg7 14. Bg5 f6
15. Bh4 Nce7 16. f3 Qb6 17. Nc5 Qd8 18. Ba4 Rf8 19. Rfe1 b6 20. Ne4 Bb7 21. Bf2
Rc8 22. N2c3 Kh8 23. Rad1 Bh6 24. Bb3 Nf4 25. Qf1 f5 26. Nd2 Ned5 27. g3 Nxc3
28. bxc3 Nd5 29. c4 Nc3 30. Rxe6 Nxd1 31. Qxd1 Bg7 32. d5 Re8 33. Rxe8+ Qxe8
34. f4 Qe7 35. Nf3 Qxa3 36. Ne5 Bxe5 37. fxe5 Bxd5 38. cxd5 Rc1 39. Kg2 Rxd1
40. Bxd1 Qa1 0-1

[Event "18th HZ Open 2014"]
[Site "Vlissingen NED"]
[Date "2014.08.04"]
[Round "4.3"]
[White "Krasenkow, M."]
[Black "Hopman, P."]
[Result "1-0"]
[WhiteElo "2628"]
[BlackElo "2387"]
[PlyCount "75"]
[EventDate "2014.08.02"]
[EventType "swiss"]
[EventRounds "9"]
[EventCountry "NED"]
[Source "Mark Crowther"]
[SourceDate "2014.08.04"]

1. Nf3 d6 2. d4 Bg4 3. c4 Nd7 4. e4 e5 5. d5 Be7 6. Nc3 a5 7. h3 Bxf3 8. Qxf3
Bg5 9. Bxg5 Qxg5 10. h4 Qf6 11. Qe2 Qd8 12. O-O-O Ngf6 13. g4 h6 14. Rd3 Nh7
15. g5 Nhf8 16. Rg1 Ng6 17. Rdg3 hxg5 18. Rxg5 Rxh4 19. Qe3 Nf6 20. Qg3 Rh6 21.
Qf3 c6 22. dxc6 bxc6 23. c5 Rb8 24. Bc4 dxc5 25. Qf5 Rb7 26. Bxf7+ Kxf7 27.
Rxg6 Rxg6 28. Qxg6+ Kf8 29. Qf5 Qe7 30. f4 exf4 31. e5 Qd7 32. Qxf4 Qd4 33. Rf1
Re7 34. Qxd4 cxd4 35. exf6 gxf6 36. Na4 Kf7 37. Kd2 Rb7 38. Rc1 1-0

[Event "18th HZ Open 2014"]
[Site "Vlissingen NED"]
[Date "2014.08.04"]
[Round "4.4"]
[White "Taddei, B."]
[Black "Ernst, S."]
[Result "0-1"]
[WhiteElo "2348"]
[BlackElo "2566"]
[PlyCount "78"]
[EventDate "2014.08.02"]
[EventType "swiss"]
[EventRounds "9"]
[EventCountry "NED"]
[Source "Mark Crowther"]
[SourceDate "2014.08.04"]

1. e4 e5 2. Nf3 Nc6 3. d4 exd4 4. Nxd4 Nf6 5. Nxc6 bxc6 6. e5 Qe7 7. Qe2 Nd5 8.
c4 Ba6 9. b3 g6 10. Bb2 Bg7 11. g3 O-O 12. Bg2 Rae8 13. O-O Bxe5 14. Qxe5 Qxe5
15. Bxe5 Rxe5 16. cxd5 Bxf1 17. Kxf1 cxd5 18. Nc3 c6 19. Rd1 Rb8 20. Bf3 a5 21.
Na4 Re7 22. Nc5 Rb5 23. Rc1 Kf8 24. Nd3 Re8 25. Be2 Ke7 26. Ke1 Kd6 27. Kd2
Rbb8 28. Rc5 Ra8 29. Bf3 Re6 30. Rc1 Rb8 31. h4 h6 32. h5 g5 33. Bg4 Re7 34.
Bf5 Rbe8 35. Bg4 f5 36. Bxf5 Re2+ 37. Kc3 Rxa2 38. Bg4 a4 39. b4 Re4 0-1

[Event "18th HZ Open 2014"]
[Site "Vlissingen NED"]
[Date "2014.08.04"]
[Round "4.5"]
[White "Sadikhov, U."]
[Black "Ikonnikov, Vy"]
[Result "0-1"]
[WhiteElo "2335"]
[BlackElo "2551"]
[PlyCount "126"]
[EventDate "2014.08.02"]
[EventType "swiss"]
[EventRounds "9"]
[EventCountry "NED"]
[Source "Mark Crowther"]
[SourceDate "2014.08.04"]

1. e4 c5 2. Nf3 a6 3. c4 Nc6 4. d4 cxd4 5. Nxd4 e5 6. Nc2 Bc5 7. Be3 Bxe3 8.
Nxe3 d6 9. Nc3 Nge7 10. Be2 O-O 11. O-O Nd4 12. Bd3 Be6 13. b3 Rc8 14. Qd2 b5
15. Ncd5 Bxd5 16. cxd5 Ng6 17. Kh1 Nf4 18. f3 Nxd3 19. Qxd3 Qa5 20. Nf5 Nxf5
21. exf5 Rc3 22. Qe4 f6 23. h4 Rfc8 24. f4 Qb6 25. Rae1 a5 26. fxe5 dxe5 27.
Rd1 Qd6 28. Rf3 b4 29. h5 h6 30. Rdd3 Rc2 31. Rg3 R8c7 32. Qg4 Rf2 33. Qg6 Rf7
34. Rd1 Rf4 35. Rg4 Rxg4 36. Qxg4 Rc7 37. Qg6 Kf8 38. Qg4 Rc5 39. Qe4 Ke8 40.
Qf3 Kd8 41. Qe4 Qc7 42. Rd2 Rc1+ 43. Kh2 Qc3 44. Rd3 Re1 45. Rxc3 Rxe4 46. Rc5
Rh4+ 47. Kg1 Rxh5 48. Rxa5 Rxf5 49. Rb5 Rf4 50. Rb7 Rg4 51. d6 h5 52. Kf2 h4
53. Kf3 Rf4+ 54. Ke3 g5 55. Rg7 Rd4 56. Rf7 Rxd6 57. Ke4 Rd4+ 58. Kf5 Rf4+ 59.
Ke6 e4 60. Kd6 Ke8 61. Rb7 e3 62. Re7+ Kf8 63. Rxe3 Kf7 0-1

[Event "18th HZ Open 2014"]
[Site "Vlissingen NED"]
[Date "2014.08.04"]
[Round "4.6"]
[White "Hausrath, D."]
[Black "Ten Hertog, H."]
[Result "1-0"]
[WhiteElo "2530"]
[BlackElo "2356"]
[PlyCount "81"]
[EventDate "2014.08.02"]
[EventType "swiss"]
[EventRounds "9"]
[EventCountry "NED"]
[Source "Mark Crowther"]
[SourceDate "2014.08.04"]

1. Nf3 Nf6 2. g3 d5 3. Bg2 e6 4. d4 b5 5. a4 b4 6. c4 bxc3 7. Nxc3 Nc6 8. Bf4
Rb8 9. O-O a6 10. Qc2 Bb7 11. a5 Bd6 12. Ne5 O-O 13. Nxc6 Bxc6 14. Bg5 Bb5 15.
Rfc1 h6 16. Nxb5 Rxb5 17. Bd2 Ne4 18. Be1 Qb8 19. Ra2 f5 20. f3 Ng5 21. Bf2 Rb3
22. e3 h5 23. Qe2 Qb7 24. Bf1 Ra8 25. Kg2 g6 26. Rc3 c5 27. dxc5 Rxc3 28. bxc3
Bxc5 29. c4 Bf8 30. Rb2 Qc6 31. Rb6 Qd7 32. h4 Nf7 33. cxd5 Qxd5 34. Qc4 Qxc4
35. Bxc4 Nd8 36. e4 fxe4 37. fxe4 Rc8 38. Bxe6+ Nxe6 39. Rxe6 Rc2 40. Rxg6+ Kf7
41. Rg5 1-0

[Event "18th HZ Open 2014"]
[Site "Vlissingen NED"]
[Date "2014.08.04"]
[Round "4.7"]
[White "Timmermans, M."]
[Black "Venkatesh, M."]
[Result "1/2-1/2"]
[WhiteElo "2320"]
[BlackElo "2503"]
[PlyCount "113"]
[EventDate "2014.08.02"]
[EventType "swiss"]
[EventRounds "9"]
[EventCountry "NED"]
[Source "Mark Crowther"]
[SourceDate "2014.08.04"]

1. e4 c5 2. Nf3 Nc6 3. d4 cxd4 4. Nxd4 Nf6 5. Nc3 d6 6. Nd5 Nxd5 7. exd5 Qa5+
8. Bd2 Qxd5 9. Nb5 Qe6+ 10. Be2 Qd7 11. O-O a6 12. Nc3 e6 13. Na4 Qc7 14. Be3
b5 15. Nb6 Rb8 16. Nxc8 Qxc8 17. a4 Be7 18. axb5 axb5 19. c3 O-O 20. Qb3 Qb7
21. Rfd1 Rfd8 22. Bf4 Bf8 23. Rd2 b4 24. c4 Ra8 25. Rxa8 Qxa8 26. Bf3 Qa6 27.
g3 Rc8 28. Be2 e5 29. Be3 Qa8 30. Rd1 e4 31. Bf4 Ne5 32. Rd5 Qa1+ 33. Kg2 Qe1
34. Bf1 Ng4 35. Qc2 b3 36. Qe2 Qxe2 37. Bxe2 Nf6 38. Rb5 h6 39. Rxb3 d5 40. Be5
dxc4 41. Rc3 Nd7 42. Bd4 Rb8 43. Rxc4 Bd6 44. Bc3 Nf6 45. Rc6 Bb4 46. Bxf6 gxf6
47. Rxf6 Be7 48. Rf4 Rb4 49. b3 Bg5 50. Rf5 Rxb3 51. Bc4 Rb7 52. Re5 Re7 53.
Rxe7 Bxe7 54. Bd5 e3 55. fxe3 Kg7 56. Kf3 f5 57. g4 1/2-1/2